000 00915cam a22002291 4500
001 d 01000344
003 DLC
005 20260227111148.0
008 801014m18021805ne a 000 0 dut
010 _ad 01000344
035 _a(OCoLC)6824257
040 _aDLC
_cCLU
_dOCoLC
_dDLC
042 _apremarc
043 _ae-ne---
050 0 0 _aDH131
_b.K6
100 1 _aKluit, Adriaan,
_d1736-1807.
245 1 0 _aHistorie der Hollandsche staatsregering,
_btot aan het jaar 1795. Of geschied- en staatkundig onderzoek, in welken zin de staten van Holland, gedurende de republikeinsche regering, zijn geweest de wettige souvereine vertegenwoordigers van't gansche volk van Holland, of der geheele natie.
_cMet vele onuitgegeven bijlagen ...
260 _aAmsterdam,
_bW. Brave,
_c1802-05.
300 _a5 v.
_bfold. tab.
_c22 cm.
651 0 _aNetherlands
_xPolitics and government.
651 0 _aNetherlands
_xHistory.
999 _c18640
_d18640